| 000 | 00897cam a22003011 4500 | ||
|---|---|---|---|
| 999 |
_c21423 _d21423 |
||
| 001 | 7535789 | ||
| 003 | BDDh-ASL | ||
| 005 | 20231015030007.0 | ||
| 008 | 770315s1965 xx ab b 001 0 eng | ||
| 010 | _a 66045929 | ||
| 015 | _aGB65-12213 | ||
| 035 | _a(OCoLC)2805558 | ||
| 040 |
_aDLC _cPU _dOCoLC _dUk _dDLC _dBDDh-ASL |
||
| 042 | _apremarc | ||
| 050 | 0 | 0 |
_aDS94 _b.F4 1965 |
| 082 |
_a327.5691 _bFES |
||
| 100 | 1 |
_aFedden, Robin, _d1908-1977. |
|
| 245 | 1 | 0 |
_aSyria and Lebanon / _c[by] Robin Fedden. |
| 250 | _a[3d ed. | ||
| 260 |
_aLondon] _bMurray _c[1965] |
||
| 300 |
_axii, 276 p. _billus., maps. _c23 cm. |
||
| 500 | _aPrevious editions published under title: Syria; an historical appreciation. | ||
| 504 | _aBibliography: p. [259]-262. | ||
| 651 | 0 |
_aSyria _xHistory. |
|
| 651 | 0 |
_aLebanon _xHistory. |
|
| 906 |
_a7 _bcbc _coclcrpl _du _encip _f19 _gy-gencatlg |
||
| 942 |
_2ddc _cBK |
||